Entry Personal Name
Number of records used in: 1
001 - CONTROL NUMBER
003 - CONTROL NUMBER IDENTIFIER
005 - DATE AND TIME OF LATEST TRANSACTION
- control field:
20221115104859.0
008 - FIXED-LENGTH DATA ELEMENTS
- fixed length control field:
150304n| azannaabn |n aaa c
010 ## - LIBRARY OF CONGRESS CONTROL NUMBER
- LC control number:
no2015029298
035 ## - SYSTEM CONTROL NUMBER
- System control number:
(OCoLC)oca10103380
040 ## - CATALOGING SOURCE
- Original cataloging agency:
TNJ
- Language of cataloging:
eng
- Description conventions:
rda
- Transcribing agency:
TNJ
- Modifying agency:
DLC
046 ## - SPECIAL CODED DATES
100 1# - HEADING--PERSONAL NAME
- Personal name:
Nielsen, Paul,
- Dates associated with a name:
1959-
670 ## - SOURCE DATA FOUND
- Source citation:
Nielsen, Paul. Microsoft SQL server 2008 bible, ©2009:
- Information found:
title page (Paul Nielsen)
670 ## - SOURCE DATA FOUND
- Source citation:
His SQL server 2005 Bible, c2006:
- Information found:
ecip (Paul Nielsen; b. 06/25/59)
670 ## - SOURCE DATA FOUND
- Source citation:
Nielsen, P. Lightwave, c2008:
- Information found:
t.p. (Paul Nielsen)
670 ## - SOURCE DATA FOUND
- Source citation:
Amazon, March 26, 2015
- Information found:
(Light Wave: A 25 Year Photo Retrospective: Paul Nielsen is a hands-on database developer, Microsoft SQL Server MVP, author, and trainer specializing in data architecture and Microsoft SQL Server technologies. His next book, SQL Server 2005 Bible, will be available in mid-2006. Paul has been developing data-centric solutions since 1982, and was the Enterprise Data Architect for Compassion International, a SQL Server instructor with Learning Tree, the technical editor for a database magazine, and a U. S. Navy Submariner (Data Systems Tech). He serves on the PASS (Professional Association for SQL Server) Board of Directors, and is active in the Colorado area SQL Server user groups.)